Математический анализ; Ч. 2

Podrobná bibliografie
Hlavní autor: Зорич В. А. Владимир Антонович
Jazyk:ruština
Vydáno: Москва, МЦНМО, 1998
Vydání:2-е изд., испр. и доп.
Témata:
Médium: Kniha
KOHA link:https://koha.lib.tpu.ru/cgi-bin/koha/opac-detail.pl?biblionumber=12925

MARC

LEADER 00000nam0a2200000 4500
001 12925
005 20231030184703.0
010 |a 5900916235 
035 |a (RuTPU)RU\TPU\book\13006 
035 |a BOOK00013074 
090 |a 12925 
100 |a 20011209d1998 m y0rusy50 ca 
101 0 |a rus 
102 |a RU 
105 |a y j 000zy 
200 1 |a Математический анализ  |h Ч. 2  |f В. А. Зорич 
205 |a 2-е изд., испр. и доп. 
210 |a Москва  |c МЦНМО  |d 1998 
215 |a 794 с. 
610 1 |a математика 
610 1 |a математический анализ 
610 1 |a учебные пособия 
675 |a 517(075.8)  |v 3 
700 1 |a Зорич  |b В. А.  |g Владимир Антонович 
801 0 |a RU  |b 63413507  |c 20011209  |g PSBO 
801 2 |a RU  |b 63413507  |c 20071218  |g PSBO 
942 |c BK